[Event "World Chess Olympiad 2018"]
[Site "Batumi"]
[Date "2018.10.02"]
[Round "8"]
[Board "2"]
[WhiteFideId "13400924"]
[White "Radjabov Teimour"]
[BlackFideId "5202213"]
[Black "So Wesley"]
[Result "1-0"]
[LiveChessVersion "1.4.8"]
[BlackElo "2776"]
[WhiteElo "2751"]

1. d4 {[%clk 1:30:56]} Nf6 {[%clk 1:30:55]} 2. c4 {[%clk 1:31:20]} e6
{[%clk 1:31:22]} 3. Nf3 {[%clk 1:31:44]} d5 {[%clk 1:31:44]} 4. Nc3
{[%clk 1:32:08]} Bb4 {[%clk 1:32:10]} 5. Bg5 {[%clk 1:31:38]} h6 {[%clk 1:31:48]}
6. Bxf6 {[%clk 1:30:21]} Qxf6 {[%clk 1:32:08]} 7. Qa4+ {[%clk 1:29:14]} Nc6
{[%clk 1:32:28]} 8. e3 {[%clk 1:29:41]} O-O {[%clk 1:32:22]} 9. Be2
{[%clk 1:28:01]} dxc4 {[%clk 1:31:50]} 10. O-O {[%clk 1:25:33]} Bd7
{[%clk 1:31:49]} 11. Bxc4 {[%clk 1:23:12]} Bxc3 {[%clk 1:31:25]} 12. bxc3
{[%clk 1:23:30]} Rfd8 {[%clk 1:31:50]} 13. Be2 {[%clk 1:20:15]} Be8
{[%clk 1:20:59]} 14. Qa3 {[%clk 1:18:15]} Qe7 {[%clk 1:17:41]} 15. Qb2
{[%clk 1:16:58]} b6 {[%clk 1:18:06]} 16. c4 {[%clk 1:17:05]} Na5 {[%clk 1:17:51]}
17. e4 {[%clk 1:15:34]} c5 {[%clk 1:18:01]} 18. d5 {[%clk 1:14:30]} exd5
{[%clk 1:18:05]} 19. exd5 {[%clk 1:14:47]} b5 {[%clk 1:18:33]} 20. cxb5
{[%clk 1:11:01]} Rxd5 {[%clk 1:18:58]} 21. Rfe1 Qd8 {[%clk 1:06:25]} 22. Qc3
{[%clk 0:53:03]} c4 {[%clk 1:00:01]} 23. Rad1 {[%clk 0:47:25]} Rxd1
{[%clk 0:54:52]} 24. Rxd1 {[%clk 0:47:49]} Qb6 {[%clk 0:41:58]} 25. Nd4
{[%clk 0:41:32]} Bd7 {[%clk 0:40:26]} 26. a4 {[%clk 0:38:33]} a6 {[%clk 0:38:02]}
27. h3 {[%clk 0:32:47]} Rd8 {[%clk 0:26:13]} 28. bxa6 {[%clk 0:30:33]} Bc8
{[%clk 0:18:35]} 29. Rd2 {[%clk 0:27:07]} Rf8 {[%clk 0:11:33]} 30. Rb2
{[%clk 0:23:17]} Qxa6 {[%clk 0:11:29]} 31. Rb5 {[%clk 0:22:36]} Nb7
{[%clk 0:05:22]} 32. Bxc4 {[%clk 0:19:56]} Nd6 {[%clk 0:03:59]} 33. Rb4
{[%clk 0:15:32]} Nxc4 {[%clk 0:04:28]} 34. Rxc4 {[%clk 0:14:52]} Be6
{[%clk 0:03:53]} 35. Nxe6 {[%clk 0:10:44]} Qxe6 {[%clk 0:04:21]} 36. Rc6
{[%clk 0:08:05]} Qf5 {[%clk 0:03:56]} 37. a5 {[%clk 0:06:45]} Rb8
{[%clk 0:04:13]} 38. a6 {[%clk 0:05:09]} Rb1+ {[%clk 0:02:40]} 39. Kh2
{[%clk 0:05:33]} Qf4+ {[%clk 0:01:40]} 40. Qg3 {[%clk 0:35:53]} Qxg3+
{[%clk 0:30:54]} 41. Kxg3 {[%clk 0:35:59]} Ra1 {[%clk 0:31:22]} 42. Kf4
{[%clk 0:33:51]} Ra5 {[%clk 0:14:08]} 43. Ke4 {[%clk 0:31:44]} Kf8
{[%clk 0:14:33]} 44. Rc8+ {[%clk 0:26:46]} Ke7 {[%clk 0:14:59]} 45. Rc7+
{[%clk 0:27:14]} Ke6 {[%clk 0:08:16]} 46. a7 {[%clk 0:25:29]} Ra4+
{[%clk 0:00:58]} 47. Kd3 {[%clk 0:25:32]} 1-0

[Event "World Chess Olympiad 2018"]
[Site "Batumi"]
[Date "2018.10.02"]
[Round "8"]
[Board "4"]
[WhiteFideId "13401653"]
[White "Mamedov Rauf"]
[BlackFideId "2004887"]
[Black "Shankland Samuel"]
[Result "0-1"]
[LiveChessVersion "1.4.8"]
[BlackElo "2722"]
[WhiteElo "2699"]

1. e4 {[%clk 1:30:54]} e5 {[%clk 1:30:48]} 2. Nf3 {[%clk 1:31:19]} Nc6
{[%clk 1:31:14]} 3. Bc4 {[%clk 1:31:47]} Bc5 {[%clk 1:31:37]} 4. c3
{[%clk 1:32:14]} Nf6 {[%clk 1:32:01]} 5. d3 {[%clk 1:32:41]} d6 {[%clk 1:32:05]}
6. Bb3 {[%clk 1:33:07]} a5 {[%clk 1:31:38]} 7. Nbd2 {[%clk 1:29:21]} O-O
{[%clk 1:31:50]} 8. Nf1 {[%clk 1:24:51]} Be6 {[%clk 1:27:37]} 9. Ng3
{[%clk 1:23:31]} h6 {[%clk 1:22:42]} 10. O-O {[%clk 1:22:51]} Bxb3
{[%clk 1:10:31]} 11. axb3 {[%clk 1:11:33]} d5 {[%clk 1:10:02]} 12. Qe2
{[%clk 0:56:59]} Re8 {[%clk 1:08:38]} 13. Bd2 {[%clk 0:47:16]} Bf8
{[%clk 1:00:53]} 14. Rfd1 {[%clk 0:38:25]} Qd7 {[%clk 0:52:07]} 15. exd5
{[%clk 0:29:53]} Qxd5 {[%clk 0:52:11]} 16. c4 {[%clk 0:30:11]} Qe6
{[%clk 0:49:30]} 17. Bc3 {[%clk 0:30:27]} Nd7 {[%clk 0:46:56]} 18. Qc2
{[%clk 0:27:29]} Nc5 {[%clk 0:45:12]} 19. Ne4 {[%clk 0:22:43]} Na6
{[%clk 0:43:19]} 20. Re1 {[%clk 0:22:07]} Rad8 {[%clk 0:42:08]} 21. Rad1
{[%clk 0:21:21]} Nab4 {[%clk 0:33:42]} 22. Qb1 {[%clk 0:19:48]} Qg6
{[%clk 0:31:17]} 23. Nh4 {[%clk 0:17:22]} Qh5 {[%clk 0:30:42]} 24. Nf3
{[%clk 0:17:48]} Qg6 {[%clk 0:27:53]} 25. h3 {[%clk 0:17:58]} b6 {[%clk 0:24:36]}
26. Nh4 {[%clk 0:17:43]} Qh5 {[%clk 0:24:52]} 27. Nf3 {[%clk 0:18:11]} Bc5
{[%clk 0:22:21]} 28. Kh2 {[%clk 0:12:48]} Nd4 {[%clk 0:21:17]} 29. Bxd4
{[%clk 0:08:55]} Bxd4 {[%clk 0:21:42]} 30. g4 {[%clk 0:09:09]} Qg6
{[%clk 0:22:07]} 31. Nh4 {[%clk 0:08:16]} Qc6 {[%clk 0:21:22]} 32. Nf5
{[%clk 0:06:31]} Bc5 {[%clk 0:21:14]} 33. Nxc5 {[%clk 0:03:36]} Qxc5
{[%clk 0:20:59]} 34. Re3 {[%clk 0:01:33]} Nc6 {[%clk 0:20:53]} 35. Rde1
{[%clk 0:01:27]} Nd4 {[%clk 0:19:33]} 36. Nxd4 {[%clk 0:01:23]} Rxd4
{[%clk 0:19:56]} 37. Qc2 {[%clk 0:01:37]} Qd6 {[%clk 0:19:18]} 38. Kg2
{[%clk 0:01:50]} f6 {[%clk 0:18:29]} 39. Rf3 {[%clk 0:01:58]} Rd8
{[%clk 0:18:19]} 40. Ree3 {[%clk 0:32:24]} Kf7 {[%clk 0:45:51]} 41. Kf1
{[%clk 0:25:51]} Ke7 {[%clk 0:39:26]} 42. Ke2 {[%clk 0:24:31]} Qc6
{[%clk 0:39:28]} 43. Qc3 {[%clk 0:22:29]} Kd7 {[%clk 0:35:06]} 44. Qc2
{[%clk 0:15:58]} Kc8 {[%clk 0:35:28]} 45. Kf1 {[%clk 0:15:51]} Kb7
{[%clk 0:35:20]} 46. Rg3 {[%clk 0:13:41]} Rf4 {[%clk 0:32:47]} 47. Kg1
{[%clk 0:13:17]} g5 {[%clk 0:32:00]} 48. Re1 {[%clk 0:11:28]} Qe8
{[%clk 0:25:48]} 49. Kg2 {[%clk 0:07:51]} h5 {[%clk 0:22:39]} 50. Re4
{[%clk 0:03:52]} Qc6 {[%clk 0:22:37]} 51. Rf3 {[%clk 0:03:11]} Qd7
{[%clk 0:18:14]} 52. Rg3 {[%clk 0:02:51]} Qh7 {[%clk 0:17:26]} 53. gxh5
{[%clk 0:02:16]} Qxh5 {[%clk 0:17:34]} 54. c5 {[%clk 0:02:12]} Rd4
{[%clk 0:15:08]} 55. b4 {[%clk 0:00:56]} Rxb4 {[%clk 0:13:42]} 56. Rxb4
{[%clk 0:00:54]} Rxb4 {[%clk 0:13:59]} 57. Rf3 {[%clk 0:00:45]} Qf7
{[%clk 0:13:27]} 58. Kg1 {[%clk 0:01:06]} Qe6 {[%clk 0:13:41]} 59. cxb6
{[%clk 0:01:24]} Qxb6 {[%clk 0:13:07]} 60. b3 {[%clk 0:01:29]} Ka7
{[%clk 0:11:41]} 61. Qa2 {[%clk 0:00:50]} Kb7 {[%clk 0:10:07]} 62. Qc2
{[%clk 0:01:05]} Kc8 {[%clk 0:09:29]} 63. Qa2 {[%clk 0:00:38]} g4
{[%clk 0:08:28]} 64. hxg4 {[%clk 0:00:43]} Rxg4+ {[%clk 0:08:54]} 65. Kf1
{[%clk 0:01:06]} Qc6 {[%clk 0:08:14]} 66. Ke2 {[%clk 0:01:30]} Qb6
{[%clk 0:07:48]} 67. Kf1 {[%clk 0:00:38]} Rb4 {[%clk 0:07:50]} 68. Qc2
{[%clk 0:00:59]} Kb7 {[%clk 0:06:48]} 69. Kg1 {[%clk 0:01:09]} Qd6
{[%clk 0:06:01]} 70. Qc3 {[%clk 0:00:35]} Qd4 {[%clk 0:05:07]} 71. Qc2
{[%clk 0:00:53]} Rb6 {[%clk 0:05:23]} 72. Rg3 {[%clk 0:00:51]} Qd5
{[%clk 0:05:33]} 73. Qc4 {[%clk 0:00:41]} Qxc4 {[%clk 0:05:53]} 74. dxc4
{[%clk 0:01:09]} Kc6 {[%clk 0:06:14]} 75. Kf1 {[%clk 0:01:38]} Kc5
{[%clk 0:06:35]} 76. Ke2 {[%clk 0:02:07]} Kb4 {[%clk 0:05:52]} 77. Kd2
{[%clk 0:02:18]} Rd6+ {[%clk 0:05:43]} 78. Kc2 {[%clk 0:02:03]} Rd4
{[%clk 0:05:59]} 79. Rg7 {[%clk 0:01:26]} a4 {[%clk 0:05:54]} 80. bxa4
{[%clk 0:01:50]} Rxc4+ {[%clk 0:06:20]} 81. Kd3 {[%clk 0:02:18]} e4+
{[%clk 0:05:15]} 82. Ke3 {[%clk 0:02:35]} f5 {[%clk 0:04:56]} 83. Rf7
{[%clk 0:00:38]} Rc3+ {[%clk 0:04:16]} 84. Kd4 {[%clk 0:01:04]} c5+
{[%clk 0:04:22]} 85. Kd5 {[%clk 0:01:20]} Rf3 {[%clk 0:04:02]} 86. a5
{[%clk 0:01:44]} Kxa5 {[%clk 0:03:10]} 87. Kxc5 {[%clk 0:02:04]} Ka4
{[%clk 0:03:37]} 88. Kc4 {[%clk 0:02:09]} Ka3 {[%clk 0:04:03]} 89. Rb7
{[%clk 0:01:40]} Rxf2 {[%clk 0:04:23]} 90. Kc3 {[%clk 0:02:08]} Rf3+
{[%clk 0:04:45]} 91. Kd4 {[%clk 0:02:29]} e3 {[%clk 0:03:32]} 92. Kc3
{[%clk 0:02:44]} Ka4 {[%clk 0:03:15]} 93. Kd3 {[%clk 0:02:27]} f4
{[%clk 0:03:21]} 94. Kc4 {[%clk 0:02:54]} Ka5 {[%clk 0:03:13]} 95. Rb1
{[%clk 0:02:24]} e2 {[%clk 0:02:57]} 96. Kc5 {[%clk 0:02:32]} Rf1
{[%clk 0:03:08]} 0-1

[Event "World Chess Olympiad 2018"]
[Site "Batumi"]
[Date "2018.10.02"]
[Round "8"]
[Board "2"]
[WhiteFideId "1118358"]
[White "Wojtaszek Radoslaw"]
[BlackFideId "13300881"]
[Black "Sargissian Gabriel"]
[Result "1/2-1/2"]
[LiveChessVersion "1.4.8"]
[BlackElo "2691"]
[WhiteElo "2727"]

1. d4 {[%clk 1:30:57]} Nf6 {[%clk 1:30:54]} 2. c4 {[%clk 1:31:24]} e6
{[%clk 1:31:17]} 3. Nc3 {[%clk 1:31:50]} Bb4 {[%clk 1:31:39]} 4. Qc2
{[%clk 1:32:15]} d6 {[%clk 1:28:10]} 5. Nf3 {[%clk 1:32:34]} Nbd7
{[%clk 1:27:55]} 6. g3 {[%clk 1:32:54]} b6 {[%clk 1:27:50]} 7. Bg2
{[%clk 1:33:17]} Bb7 {[%clk 1:28:17]} 8. O-O {[%clk 1:33:37]} O-O
{[%clk 1:18:22]} 9. Rd1 {[%clk 1:34:02]} Bxc3 {[%clk 1:10:16]} 10. Qxc3
{[%clk 1:34:25]} a6 {[%clk 1:10:32]} 11. b3 {[%clk 1:33:30]} b5 {[%clk 1:10:03]}
12. c5 {[%clk 1:27:42]} Be4 {[%clk 1:02:28]} 13. Qa5 {[%clk 1:17:42]} Nb8
{[%clk 0:50:55]} 14. Bg5 {[%clk 1:03:24]} Nc6 {[%clk 0:50:16]} 15. Qa3
{[%clk 1:03:49]} h6 {[%clk 0:42:45]} 16. Bxf6 {[%clk 0:59:22]} Qxf6
{[%clk 0:40:09]} 17. cxd6 {[%clk 0:59:34]} cxd6 {[%clk 0:40:14]} 18. Qxd6
{[%clk 0:39:47]} Rad8 {[%clk 0:39:09]} 19. Qa3 {[%clk 0:39:51]} Bxf3
{[%clk 0:38:07]} 20. Bxf3 {[%clk 0:40:17]} Nxd4 {[%clk 0:38:11]} 21. Qxa6
{[%clk 0:40:41]} Nxf3+ {[%clk 0:38:06]} 22. exf3 {[%clk 0:41:08]} Rxd1+
{[%clk 0:38:27]} 23. Rxd1 {[%clk 0:41:33]} Qxf3 {[%clk 0:38:51]} 24. Rd7
{[%clk 0:34:25]} Ra8 {[%clk 0:37:23]} 25. Qxb5 {[%clk 0:34:46]} Rxa2
{[%clk 0:37:45]} 26. Rd8+ {[%clk 0:35:13]} Kh7 {[%clk 0:38:08]} 27. Qd3+
{[%clk 0:35:39]} Qxd3 {[%clk 0:38:30]} 28. Rxd3 {[%clk 0:36:06]} Rb2
{[%clk 0:37:25]} 29. h4 {[%clk 0:36:31]} g5 {[%clk 0:36:56]} 30. hxg5
{[%clk 0:36:57]} hxg5 {[%clk 0:37:22]} 31. g4 {[%clk 0:37:17]} 1/2-1/2

[Event "World Chess Olympiad 2018"]
[Site "Batumi"]
[Date "2018.10.02"]
[Round "8"]
[Board "3"]
[WhiteFideId "13302485"]
[White "Melkumyan Hrant"]
[BlackFideId "1130420"]
[Black "Piorun Kacper"]
[Result "1/2-1/2"]
[LiveChessVersion "1.4.8"]
[BlackElo "2612"]
[WhiteElo "2660"]

1. Nf3 {[%clk 1:30:56]} d5 {[%clk 1:30:18]} 2. d4 {[%clk 1:31:17]} e6
{[%clk 1:30:24]} 3. c4 {[%clk 1:31:19]} c6 {[%clk 1:30:22]} 4. e3
{[%clk 1:29:49]} f5 {[%clk 1:30:37]} 5. Nc3 {[%clk 1:28:49]} Nd7 {[%clk 1:28:29]}
6. Bd3 {[%clk 1:27:28]} Nh6 {[%clk 1:27:58]} 7. b3 {[%clk 1:20:38]} Bd6
{[%clk 1:26:01]} 8. Bb2 {[%clk 1:20:03]} Qe7 {[%clk 1:17:55]} 9. Ne2
{[%clk 1:17:41]} a6 {[%clk 1:05:29]} 10. Qc2 {[%clk 1:15:12]} Nf7
{[%clk 1:02:09]} 11. h3 {[%clk 1:11:17]} b5 {[%clk 0:57:15]} 12. c5
{[%clk 1:04:36]} Bc7 {[%clk 0:57:41]} 13. b4 {[%clk 1:04:42]} e5 {[%clk 0:53:45]}
14. dxe5 {[%clk 0:59:14]} Ndxe5 {[%clk 0:53:18]} 15. a4 {[%clk 0:53:00]} bxa4
{[%clk 0:47:48]} 16. Nfd4 {[%clk 0:47:47]} Nxd3+ {[%clk 0:45:47]} 17. Qxd3
{[%clk 0:46:14]} Ne5 {[%clk 0:45:34]} 18. Qc3 {[%clk 0:46:32]} Bd7
{[%clk 0:44:12]} 19. O-O {[%clk 0:35:11]} Nc4 {[%clk 0:41:40]} 20. Rxa4
{[%clk 0:34:18]} O-O {[%clk 0:37:35]} 21. Ba1 {[%clk 0:27:24]} a5
{[%clk 0:33:38]} 22. bxa5 {[%clk 0:26:55]} Bxa5 {[%clk 0:32:05]} 23. Qc2
{[%clk 0:25:47]} Bc7 {[%clk 0:28:35]} 24. Rxa8 {[%clk 0:22:11]} Rxa8
{[%clk 0:29:03]} 25. Nxf5 {[%clk 0:19:15]} Bxf5 {[%clk 0:27:49]} 26. Qxf5
{[%clk 0:17:52]} Rf8 {[%clk 0:28:06]} 27. Qd3 {[%clk 0:14:48]} Qxc5
{[%clk 0:28:20]} 28. g3 {[%clk 0:10:56]} Qe7 {[%clk 0:24:24]} 29. Nd4
{[%clk 0:09:40]} Qd7 {[%clk 0:17:58]} 30. Kh2 {[%clk 0:04:05]} Bd6
{[%clk 0:11:21]} 31. Ne2 {[%clk 0:03:51]} Be5 {[%clk 0:09:51]} 32. Bd4
{[%clk 0:03:29]} Rf6 {[%clk 0:07:44]} 33. Kg2 {[%clk 0:03:14]} Rh6
{[%clk 0:06:47]} 34. g4 {[%clk 0:03:05]} Re6 {[%clk 0:05:42]} 35. Nf4
{[%clk 0:01:57]} Re8 {[%clk 0:04:22]} 36. Ra1 {[%clk 0:02:10]} Qf7
{[%clk 0:03:31]} 37. Ra7 {[%clk 0:02:00]} Re7 {[%clk 0:04:00]} 38. Ra6
{[%clk 0:01:45]} Bxf4 {[%clk 0:01:27]} 39. exf4 {[%clk 0:02:13]} Qxf4
{[%clk 0:01:28]} 40. Rxc6 {[%clk 0:31:12]} Re8 {[%clk 0:30:37]} 41. Bc3
{[%clk 0:19:55]} Rd8 {[%clk 0:24:03]} 42. Qe2 {[%clk 0:15:20]} Rf8
{[%clk 0:21:56]} 43. Re6 {[%clk 0:05:31]} d4 {[%clk 0:14:53]} 44. Be1
{[%clk 0:05:51]} Qc7 {[%clk 0:09:21]} 45. Qe4 {[%clk 0:05:57]} Qf7
{[%clk 0:08:06]} 46. Re7 {[%clk 0:04:20]} Qf6 {[%clk 0:07:33]} 47. Re8
{[%clk 0:03:15]} Nd6 {[%clk 0:04:53]} 48. Qd5+ {[%clk 0:03:23]} Nf7
{[%clk 0:05:06]} 49. Qa8 {[%clk 0:00:37]} Qd6 {[%clk 0:04:53]} 50. Ba5
{[%clk 0:00:40]} Rxe8 {[%clk 0:03:47]} 51. Qxe8+ {[%clk 0:01:08]} Qf8
{[%clk 0:04:11]} 52. Qe4 {[%clk 0:00:59]} Qa3 {[%clk 0:01:52]} 53. Qe8+
{[%clk 0:01:19]} Qf8 {[%clk 0:02:21]} 54. Qe4 {[%clk 0:01:46]} Qa3
{[%clk 0:02:46]} 55. Bd2 {[%clk 0:00:46]} Qd6 {[%clk 0:02:50]} 56. Bf4
{[%clk 0:00:42]} Qd7 {[%clk 0:03:01]} 57. Kf1 {[%clk 0:00:50]} h6
{[%clk 0:03:00]} 58. Qa8+ {[%clk 0:00:58]} Kh7 {[%clk 0:03:25]} 59. Qe4+
{[%clk 0:01:24]} Kg8 {[%clk 0:03:51]} 60. Ke2 {[%clk 0:01:28]} Qb5+
{[%clk 0:03:59]} 61. Kf3 {[%clk 0:01:06]} Qd7 {[%clk 0:04:05]} 62. Qa8+
{[%clk 0:01:05]} Kh7 {[%clk 0:04:33]} 63. Qe4+ {[%clk 0:01:30]} Kg8
{[%clk 0:04:59]} 64. Ke2 {[%clk 0:01:30]} Qb5+ {[%clk 0:05:24]} 65. Qd3
{[%clk 0:00:55]} Qd5 {[%clk 0:05:18]} 66. f3 {[%clk 0:01:00]} Ne5
{[%clk 0:04:45]} 67. Bxe5 {[%clk 0:01:01]} Qxe5+ {[%clk 0:05:10]} 68. Qe4
{[%clk 0:01:15]} 1/2-1/2

[Event "World Chess Olympiad 2018"]
[Site "Batumi"]
[Date "2018.10.02"]
[Round "8"]
[Board "4"]
[WhiteFideId "1134167"]
[White "Dragun Kamil"]
[BlackFideId "13302507"]
[Black "Hovhannisyan Robert"]
[Result "1/2-1/2"]
[LiveChessVersion "1.4.8"]
[BlackElo "2621"]
[WhiteElo "2568"]

1. d4 {[%clk 1:30:55]} d5 {[%clk 1:30:45]} 2. c4 {[%clk 1:31:10]} c6
{[%clk 1:31:01]} 3. cxd5 {[%clk 1:31:31]} cxd5 {[%clk 1:31:24]} 4. Bf4
{[%clk 1:31:49]} Nc6 {[%clk 1:31:14]} 5. e3 {[%clk 1:32:09]} Nf6 {[%clk 1:31:30]}
6. Nc3 {[%clk 1:32:13]} Bf5 {[%clk 1:31:23]} 7. Nf3 {[%clk 1:31:49]} e6
{[%clk 1:31:30]} 8. Qb3 {[%clk 1:31:46]} Bb4 {[%clk 1:31:15]} 9. Ne5
{[%clk 1:31:35]} Bxc3+ {[%clk 1:30:08]} 10. Qxc3 {[%clk 1:31:08]} Nxe5
{[%clk 1:28:06]} 11. Bxe5 {[%clk 1:31:29]} O-O {[%clk 1:26:14]} 12. Qb4
{[%clk 1:31:47]} Qb6 {[%clk 1:07:48]} 13. Qxb6 {[%clk 1:30:37]} axb6
{[%clk 1:08:14]} 14. Bxf6 {[%clk 1:30:34]} gxf6 {[%clk 1:08:38]} 15. Be2
{[%clk 1:30:59]} Rfc8 {[%clk 1:01:58]} 16. Bd1 {[%clk 1:30:30]} e5
{[%clk 0:55:02]} 17. Bb3 {[%clk 1:30:42]} exd4 {[%clk 0:53:48]} 18. exd4
{[%clk 1:30:08]} Bc2 {[%clk 0:43:57]} 19. Bxd5 {[%clk 1:21:14]} Rd8
{[%clk 0:43:46]} 20. Bxb7 {[%clk 1:17:47]} Ra7 {[%clk 0:43:45]} 21. Bf3
{[%clk 1:17:14]} Rxd4 {[%clk 0:43:44]} 22. O-O {[%clk 1:14:49]} Rd2
{[%clk 0:37:19]} 23. Rfe1 {[%clk 1:12:30]} Bf5 {[%clk 0:35:28]} 24. Re2
{[%clk 1:11:38]} Rad7 {[%clk 0:35:10]} 25. Rxd2 {[%clk 1:08:49]} Rxd2
{[%clk 0:35:36]} 26. b4 {[%clk 1:08:53]} Rb2 {[%clk 0:34:59]} 27. a3
{[%clk 1:05:43]} Bb1 {[%clk 0:32:51]} 28. h4 {[%clk 0:52:45]} f5 {[%clk 0:31:38]}
29. Kf1 {[%clk 0:40:03]} Kg7 {[%clk 0:29:47]} 30. Be2 {[%clk 0:39:07]} f4
{[%clk 0:26:52]} 31. Ke1 {[%clk 0:38:20]} Kf6 {[%clk 0:20:17]} 32. b5
{[%clk 0:38:04]} Ke5 {[%clk 0:17:09]} 33. a4 {[%clk 0:37:57]} Ba2
{[%clk 0:16:12]} 34. Rc1 {[%clk 0:29:06]} Bd5 {[%clk 0:10:50]} 35. Bf3
{[%clk 0:28:44]} Bxf3 {[%clk 0:05:54]} 36. gxf3 {[%clk 0:29:09]} Ra2
{[%clk 0:05:37]} 37. Rc7 {[%clk 0:22:29]} Ra1+ {[%clk 0:05:37]} 38. Ke2
{[%clk 0:22:50]} Ra2+ {[%clk 0:05:54]} 39. Kf1 {[%clk 0:22:48]} Kf6
{[%clk 0:03:14]} 40. Rc6+ {[%clk 0:51:39]} Kf5 {[%clk 0:31:57]} 41. Rxb6
{[%clk 0:27:17]} Rxa4 {[%clk 0:32:14]} 42. Rc6 {[%clk 0:27:40]} Rb4
{[%clk 0:29:04]} 43. b6 {[%clk 0:28:00]} Rb2 {[%clk 0:26:42]} 44. Ke1
{[%clk 0:25:13]} Ke5 {[%clk 0:25:17]} 45. Kd1 {[%clk 0:23:52]} Kd5
{[%clk 0:24:09]} 46. Rf6 {[%clk 0:23:32]} Ke5 {[%clk 0:23:19]} 47. Rxf7
{[%clk 0:22:59]} Rxb6 {[%clk 0:23:26]} 48. Rxh7 {[%clk 0:23:27]} Rb1+
{[%clk 0:22:21]} 49. Ke2 {[%clk 0:23:43]} Rh1 {[%clk 0:22:37]} 50. Rh5+
{[%clk 0:20:41]} Kd4 {[%clk 0:19:57]} 51. Rh6 {[%clk 0:18:04]} Ke5
{[%clk 0:15:27]} 52. h5 {[%clk 0:18:29]} Kf5 {[%clk 0:14:46]} 53. Rc6
{[%clk 0:18:24]} Kg5 {[%clk 0:14:44]} 54. h6 {[%clk 0:17:57]} Rh3
{[%clk 0:13:38]} 55. Rb6 {[%clk 0:16:58]} Rh1 {[%clk 0:13:16]} 56. Ra6
{[%clk 0:15:42]} Rh3 {[%clk 0:11:34]} 57. Rc6 {[%clk 0:16:05]} Rh1
{[%clk 0:11:52]} 58. Kd3 {[%clk 0:11:22]} Rd1+ {[%clk 0:09:33]} 59. Ke4
{[%clk 0:11:45]} Re1+ {[%clk 0:09:53]} 60. Kd5 {[%clk 0:12:14]} Rd1+
{[%clk 0:10:00]} 61. Kc5 {[%clk 0:12:20]} Rh1 {[%clk 0:09:51]} 62. Re6
{[%clk 0:11:13]} Rh3 {[%clk 0:08:28]} 63. Kd4 {[%clk 0:09:59]} Rxf3
{[%clk 0:06:57]} 64. h7 {[%clk 0:10:17]} Rh3 {[%clk 0:07:24]} 65. Re7
{[%clk 0:10:35]} Kf5 {[%clk 0:07:13]} 66. Kd5 {[%clk 0:08:15]} Rd3+
{[%clk 0:06:40]} 67. Kc6 {[%clk 0:08:41]} Rh3 {[%clk 0:07:01]} 68. Kd5
{[%clk 0:07:51]} Rd3+ {[%clk 0:06:00]} 69. Kc4 {[%clk 0:08:20]} Rh3
{[%clk 0:06:26]} 70. Kd4 {[%clk 0:08:46]} Rh1 {[%clk 0:06:13]} 71. Rf7+
{[%clk 0:08:39]} Kg6 {[%clk 0:06:26]} 72. Ra7 {[%clk 0:09:01]} Kf5
{[%clk 0:06:43]} 73. f3 {[%clk 0:05:29]} Rh2 {[%clk 0:06:10]} 74. Kd5
{[%clk 0:05:34]} Rh1 {[%clk 0:05:51]} 75. Rd7 {[%clk 0:05:30]} Rh2
{[%clk 0:06:05]} 76. Kd6 {[%clk 0:05:39]} Rh6+ {[%clk 0:06:19]} 77. Kd5
{[%clk 0:05:37]} Rh2 {[%clk 0:06:42]} 78. Re7 {[%clk 0:05:17]} Rh1
{[%clk 0:06:39]} 79. Kd6 {[%clk 0:04:40]} Rh6+ {[%clk 0:06:48]} 80. Kd7
{[%clk 0:04:27]} Kg6 {[%clk 0:07:02]} 81. Ke6 {[%clk 0:04:17]} Rxh7
{[%clk 0:07:24]} 82. Rxh7 {[%clk 0:04:39]} Kxh7 {[%clk 0:07:51]} 83. Kf5
{[%clk 0:04:33]} Kg7 {[%clk 0:08:15]} 84. Kg5 {[%clk 0:04:32]} Kf7
{[%clk 0:08:38]} 85. Kxf4 {[%clk 0:04:55]} Kf6 {[%clk 0:09:02]} 86. Ke4
{[%clk 0:05:20]} 1/2-1/2

[Event "World Chess Olympiad 2018"]
[Site "Batumi"]
[Date "2018.10.02"]
[Round "8"]
[Board "1"]
[WhiteFideId "309095"]
[White "Navara David"]
[BlackFideId "5000017"]
[Black "Anand Viswanathan"]
[Result "1/2-1/2"]
[LiveChessVersion "1.4.8"]
[BlackElo "2771"]
[WhiteElo "2740"]

1. c4 {[%clk 1:30:58]} c5 {[%clk 1:30:48]} 2. Nf3 {[%clk 1:31:12]} Nf6
{[%clk 1:31:05]} 3. Nc3 {[%clk 1:31:34]} Nc6 {[%clk 1:31:18]} 4. g3
{[%clk 1:31:56]} d5 {[%clk 1:31:17]} 5. cxd5 {[%clk 1:32:17]} Nxd5
{[%clk 1:31:36]} 6. Bg2 {[%clk 1:32:41]} g6 {[%clk 1:31:45]} 7. O-O
{[%clk 1:32:16]} Bg7 {[%clk 1:31:54]} 8. Qa4 {[%clk 1:32:32]} O-O
{[%clk 1:28:58]} 9. Qc4 {[%clk 1:32:36]} Nxc3 {[%clk 1:29:07]} 10. dxc3
{[%clk 1:32:59]} Qb6 {[%clk 1:29:23]} 11. Ng5 {[%clk 1:32:48]} h6
{[%clk 1:26:50]} 12. Ne4 {[%clk 1:33:06]} Be6 {[%clk 1:24:03]} 13. Qxc5
{[%clk 1:32:58]} f5 {[%clk 1:23:48]} 14. Qxb6 {[%clk 1:33:21]} axb6
{[%clk 1:24:12]} 15. Nd2 {[%clk 1:33:43]} Rxa2 {[%clk 1:23:53]} 16. Rxa2
{[%clk 1:33:57]} Bxa2 {[%clk 1:24:17]} 17. f4 {[%clk 1:24:50]} b5
{[%clk 1:18:27]} 18. e4 {[%clk 1:24:54]} b4 {[%clk 1:16:48]} 19. e5
{[%clk 1:22:44]} e6 {[%clk 1:09:40]} 20. cxb4 {[%clk 1:17:53]} Nxb4
{[%clk 1:09:46]} 21. b3 {[%clk 1:15:00]} Rd8 {[%clk 1:07:54]} 22. Ba3
{[%clk 1:05:03]} Bf8 {[%clk 1:07:40]} 23. Nc4 {[%clk 1:05:08]} Bxb3
{[%clk 1:03:16]} 24. Na5 {[%clk 1:02:55]} Bd5 {[%clk 1:00:30]} 25. Nxb7
{[%clk 1:01:49]} Bxb7 {[%clk 0:57:43]} 26. Bxb7 {[%clk 1:02:09]} Bc5+
{[%clk 0:57:40]} 27. Kh1 {[%clk 1:02:22]} Nd3 {[%clk 0:57:52]} 28. Ra1
{[%clk 0:49:24]} g5 {[%clk 0:52:37]} 29. Ba6 {[%clk 0:44:41]} Ra8
{[%clk 0:47:36]} 30. Bxd3 {[%clk 0:44:54]} Rxa3 {[%clk 0:48:02]} 1/2-1/2

[Event "World Chess Olympiad 2018"]
[Site "Batumi"]
[Date "2018.10.02"]
[Round "8"]
[Board "3"]
[WhiteFideId "300071"]
[White "Hracek Zbynek"]
[BlackFideId "5018471"]
[Black "Adhiban B."]
[Result "1/2-1/2"]
[LiveChessVersion "1.4.8"]
[BlackElo "2668"]
[WhiteElo "2557"]

1. e4 {[%clk 1:30:57]} c6 {[%clk 1:30:54]} 2. d4 {[%clk 1:31:19]} d5
{[%clk 1:31:21]} 3. Nc3 {[%clk 1:31:21]} dxe4 {[%clk 1:31:47]} 4. Nxe4
{[%clk 1:31:45]} Nf6 {[%clk 1:32:13]} 5. Nxf6+ {[%clk 1:32:00]} exf6
{[%clk 1:32:41]} 6. c3 {[%clk 1:32:15]} Bd6 {[%clk 1:33:01]} 7. Bd3
{[%clk 1:32:33]} O-O {[%clk 1:33:23]} 8. Ne2 {[%clk 1:33:00]} Re8
{[%clk 1:33:40]} 9. Qc2 {[%clk 1:30:22]} h5 {[%clk 1:34:05]} 10. O-O
{[%clk 1:29:32]} h4 {[%clk 1:34:18]} 11. h3 {[%clk 1:22:47]} Nd7 {[%clk 1:22:35]}
12. Bd2 {[%clk 1:21:24]} Nf8 {[%clk 1:21:50]} 13. Rae1 {[%clk 1:19:02]} Bc7
{[%clk 1:21:39]} 14. Kh1 {[%clk 1:10:15]} Qd6 {[%clk 1:04:13]} 15. Bf4
{[%clk 1:03:04]} Qd8 {[%clk 1:03:16]} 16. Bd2 {[%clk 0:53:25]} Qd6
{[%clk 1:00:53]} 17. Bf4 {[%clk 0:53:07]} Qd8 {[%clk 1:01:16]} 1/2-1/2